Az egyenes adóreform
Saved in:
| Format: | Book |
|---|---|
| Language: | Hungarian |
| Published: |
Budapest
A szerzö kiadása
[s.a.]
|
| Tags: |
No Tags, Be the first to tag this record!
|
MARC
| LEADER | 00000nam a2200000 4500 | ||
|---|---|---|---|
| 001 | 0307361 | ||
| 005 | 20250227143702.9 | ||
| 041 | 0 | |a hun | |
| 044 | |a HU | ||
| 245 | 1 | 0 | |a Az egyenes adóreform |c Endre Sulyok |
| 264 | 1 | |a Budapest |b A szerzö kiadása |c [s.a.] | |